Applied Research Design For Business and Management (Record no. 350085)

000 -LEADER
fixed length control field 00505nam a22001817a 4500
003 - CONTROL NUMBER IDENTIFIER
control field OSt
005 - DATE AND TIME OF LATEST TRANSACTION
control field 20180116183007.0
008 - FIXED-LENGTH DATA ELEMENTS--GENERAL INFORMATION
fixed length control field 150810b xxu||||| |||| 00| 0 eng d
020 ## - INTERNATIONAL STANDARD BOOK NUMBER
International Standard Book Number 9780071321099
040 ## - CATALOGING SOURCE
Transcribing agency 0
082 ## - DEWEY DECIMAL CLASSIFICATION NUMBER
Classification number 650.072 PAG 2011
100 ## - MAIN ENTRY--PERSONAL NAME
Personal name Carole Page
245 ## - TITLE STATEMENT
Title Applied Research Design For Business and Management
Statement of responsibility, etc. Carole Page
260 ## - PUBLICATION, DISTRIBUTION, ETC.
Place of publication, distribution, etc. India
Name of publisher, distributor, etc. McGraw HIll
Date of publication, distribution, etc. 2011
300 ## - PHYSICAL DESCRIPTION
Extent 331 p.
Other physical details PB
440 ## - SERIES STATEMENT/ADDED ENTRY--TITLE
Title Applied Research Design For Business and Management
942 ## - ADDED ENTRY ELEMENTS (KOHA)
Source of classification or shelving scheme
Koha item type Book
Holdings
Withdrawn status Lost status Source of classification or shelving scheme Damaged status Not for loan Collection code Permanent Location Current Location Shelving location Date acquired Total Checkouts Full call number Barcode Date last seen Date last checked out Price effective from Koha item type
            Central Library (CL) Central Library (CL) General Stacks 08/10/2015 3 650.072 PAG 2011 NBS9325 05/28/2021 10/26/2016 08/10/2015 Book
© 2023 Central Library, National University of Sciences and Technology. All Rights Reserved.